Most gender equal countries - Statistics

General Stats
  • This quiz has been taken 53 times
  • The average score is 6 of 10
Answer Stats
Gender Gap Index Country % Correct
86,3% Finland
94%
87,9% Norway
94%
81,5% Sweden
94%
91,2% Iceland
92%
81,5% Germany
90%
79,6% Belgium
69%
85,6% New Zealand
69%
80% Lithuania
27%
80,2% Namibia
6%
81,1% Nicaragua
6%
No matching quizzes found
Score Distribution
Percent of People with Each Score
Percentile by Number Answered
Your Score History
You have not taken this quiz